Врява и безумство без капка смисъл (Запис номер 490319)
[ съкратено ]
| 000 -Лидер | |
|---|---|
| Контролно поле с фиксирана дължина | 01182nam a2200313 a 4500 |
| 003 - Код на организацията, давaща контролен номер | |
| Контролно поле | BLK |
| 005 - Дата и час на последна редакция | |
| Контролно поле | 20250128005515.0 |
| 008 - Елементи от данни с фиксирана дължина | |
| fixed length control field | 230327b bu |||||r|||| 00| | bu d |
| 020 ## - Международен стандартен номер на книга ISBN | |
| Международен стандартен номер на книга ISBN | 9786190111894 |
| 040 ## - Източник на каталожния запис | |
| Идентификатор на билиотеката - собственик на записа | BLK |
| 041 ## - Код за език | |
| Код за езика на текст/звукозапис или на отделно заглавие | Български |
| Код за езика КДБФ | Български |
| 080 ## - УДК | |
| Текстов определител УДК | Обща теория на държавата. Теория (философия) на властта. Вж и 323.2 ; 342.1 ; 343.2 |
| УДК код - определител по УДК | 321.01 |
| УДК - код + определител | 321.01 |
| 100 ## - Редна дума - Автор | |
| Автор | Тодоров, Калин Станков |
| Авторска отговорност | първи автор |
| R(LIN) | 1299 |
| 139 ## - Редно поле | |
| Редна дума | Тодоров, Калин Станков |
| Авторски знак | Тодо - Т 64 |
| 245 ## - Сведения за заглавието | |
| Заглавие | Врява и безумство без капка смисъл |
| Редно поле (дума) | Калин Тодоров |
| 260 ## - Област на издателските данни | |
| 9 (RLIN) | 210881 |
| Място на издаване, разпространение и проч. | София |
| Име на издателя, разпространителя и проч. | Изток-Запад |
| Година на издаване | 2023 |
| 300 ## - Физическа характеристика | |
| Страници | 102 с. |
| Размери/Мащаб | 20 см |
| 380 ## - Жанр | |
| Жанр | Обществени науки |
| 650 #0 - Допълнително описание по предмет – тема | |
| Основно описание – тема или топоним | България - вътрешна политика |
| 9 (RLIN) | 241559 |
| 650 #7 - Допълнително описание по предмет – тема | |
| 9 (RLIN) | 150918 |
| Основно описание – тема или топоним | Власт |
| 653 #7 - Ключова дума – ненормативна | |
| 9 (RLIN) | 197797 |
| Ключова дума | съвременност |
| 653 #7 - Ключова дума – ненормативна | |
| 9 (RLIN) | 194051 |
| Ключова дума | политика |
| 852 ## - Местоположение | |
| Фондова буква | Хранилище |
| Систематично-азбучна сигнатура | Цб 319971 |
| 856 ## - Електронен адрес и достъп | |
| Инструкция (цена за достъп) | 0.00 |
| Права за достъп | disable |
| 942 ## - АРТИКУЛИ | |
| Източник на класификационната схема | Universal Decimal Classification |
| Вид на библиотечния материал | Книги |
| Скрит в OPAC | Не |
| Периодичен библиозапис | Да |
| Koha issues (borrowed), all copies | 32 |
| 944 ## - СЪЗДАВАНЕ И РЕДАКЦИЯ на ЗАПИСА | |
| Създаване/Редакция | Създаване |
| Дата на регистрацията/редакция | 2023-03-27 |
| Служител, извършил регистрацията/редакцията | |
| Статус, дата на статуса | CRON CRON |
| 944 ## - СЪЗДАВАНЕ И РЕДАКЦИЯ на ЗАПИСА | |
| Създаване/Редакция | Редакция |
| Служител, извършил регистрацията/редакцията | М.Я. |
| 999 ## - СИСТЕМНИ КОНТРОЛНИ НОМЕРА | |
| Koha biblionumber | 490319 |
| Koha biblioitemnumber | 490319 |
| 999 ## - СИСТЕМНИ КОНТРОЛНИ НОМЕРА | |
| Koha biblioitemnumber | 490319 |
| Код за отписване | Код за изгубен артикул | Източник на класификационната схема | Код за повреда | Коз за рестрикции | Код за отдаване | Артикулен № | Име на библиотеката - собственик | Име на библиотеката, в която се намира в момента | Статус (Текущо местоположение) | Дата на вписване в системата | Местоположение - отдел | Цена в лева | Инвентарен номер | Систематично азбучна сигнатура | Баркод | Цена в евро | Служебен тип на артикула |
|---|---|---|---|---|---|---|---|---|---|---|---|---|---|---|---|---|---|
| Не е изгубен | Universal Decimal Classification | Не е повреден | без рестрикции | заемане за дома | 925845 | Регионална библиотека "Любен Каравелов" Русе | Регионална библиотека "Любен Каравелов" Русе | Заемна - подръчен фонд | 2023-03-29 | Заемна - подръчен фонд | 9.00 | 120000885101 | 323(497.2)/Т 64 К | 120000885101 | 4.60 | Книги | |
| Не е изгубен | Universal Decimal Classification | Не е повреден | без рестрикции | заемане за дома | 925846 | Регионална библиотека "Любен Каравелов" Русе | Регионална библиотека "Любен Каравелов" Русе | Заемна - подръчен фонд | 2023-03-29 | Заемна - подръчен фонд | 9.00 | 120000885100 | 323(497.2)/Т 64 К | 120000885100 | 4.60 | Книги | |
| Не е изгубен | Universal Decimal Classification | Не е повреден | ползва се в читалня | 935542 | Регионална библиотека "Любен Каравелов" Русе | Регионална библиотека "Любен Каравелов" Русе | Хранилище | 2023-11-01 | Хранилище | 12.00 | 120000894632 | Цб 319971 | 120000894632 | 6.14 | Книги |